000 00288nam a22001337a 4500
008 170214b xxu||||| |||| 00| 0 eng d
020 _a9781416032014
041 _aeng
080 _26TH
_a61
100 _a4
101 _aSHM
245 _aMEDICAL ASSISTANT
_cYOUNG, A.P
942 _2udc
_cBK
999 _c5442
_d5442